00326nam a2200121Ia 4500008004100000082001500041100002100056245003100077260003800108300001000146630001800156650003000174211109s9999||||xx |||||||||||||| ||und|| a336bTAY-E aTaylor, Philip E 0aEconomic of Public Finance bMacmillan CompanyaNew Yorkc1961 a588p. xGeneral Stack aSocial SciencexGeneralia